| 000 | 00667nam a2200229 4500 | ||
|---|---|---|---|
| 010 | _a112473 | ||
| 035 | _a112473 | ||
| 037 | _bCen Lib / Ret | ||
| 040 |
_aDPL _bEn |
||
| 082 |
_a581.6 _bKIR |
||
| 100 | _aKirtikar, K. R. | ||
| 245 |
_aIndian medicinal plants / _cby K. R. Kirtikar [and] B. D. Basu |
||
| 250 | _a2nd ed | ||
| 260 |
_aAllahabad _bLalit Mohan Basu |
||
| 270 |
_a49, Leader Road _bAllahabad |
||
| 300 |
_a(v 1. cviii, 838p) _c27cm(hb) |
||
| 650 | _a Medicinal plants -- India. | ||
| 650 | _aMateria medica, Vegetable -- India. | ||
| 650 | _aPlants, Medicinal. | ||
| 700 | _aBasu, B. D. | ||
| 942 |
_2ddc _cEN _h581.6 _mKIR |
||
| 999 |
_c136871 _d136871 |
||